L'Attaque des Titans - Les Neuf Titans - Statistiques

Statistiques générales
  • Ce quiz a été pris 64 fois
  • Le résultat moyen est 8 sur 9
Statistiques - réponses
Par images Réponse % Correct
Titan Bestial
97%
Titan Colossal
95%
Titan Marteau d'Armes
90%
Titan Charrette
88%
Titan Féminin
88%
Titan Assaillant
86%
Titan Cuirassé
86%
Titan Mâchoire
86%
Titan Originel
76%
Aucun quiz correspondant
Distribution des résultats
% des personnes avec chaque résultat
Percentile par nombre de réponses
Votre historique - résultats
Vous n’avez pas pris ce quiz